Normal view
MARC view
- Casini Marina, Mantovani Chiara
Entry Personal Name
001 - CONTROL NUMBER
- control field: 62797
003 - CONTROL NUMBER IDENTIFIER
- control field:
005 - DATE AND TIME OF LATEST TRANSACTION
- control field: 20251129005506.0
008 - FIXED-LENGTH DATA ELEMENTS
- fixed length control field: 251129|| aca||aabn | a|a d
040 ## - CATALOGING SOURCE
- Original cataloging agency:
- Transcribing agency:
100 ## - HEADING--PERSONAL NAME
- Personal name: Casini Marina, Mantovani Chiara
670 ## - SOURCE DATA FOUND
- Source citation: Work cat.: ()360677: Casini Marina, Mantovani Chiara, La legge 194, storia e prospettive, 2025